01187nam a2200193Ia 4500001001100000003001000011008004100021040002500062041001300087100004000100245008200140250001100222260009200233300001200325500026200337501011400599520026200713650001800975L266-21393IT-CnALBA170116s9999||||xx |||||||||||||| ||und|| aIT-CnALBAcIT-CnALBA aITALIANO aBUHLMANN WALBERT, PADRE CAPPUCCINO. 0aLA TERZA CHIESA ALLE PORTE. UN'ANALISI DEL PRESENTE E DEL FUTURO ECCLESIALI.  a4a ed. aCINISELLO BALSAMO (MI)bEDIZIONI PAOLINEc1976 [1° Ed.:1974 - Ed.Ling.Originale: 1974] a439 p.  aTRADUZIONE DAL TEDESCO. INDICE ANALITICO. PRIMA SECONDA E TERZA CHIESA. LIBERTÀ. MISSIONI DELLE NAZIONI LIBERE. SECONDA LIBERAZIONE. SALVEZZA DALL'ORIENTE, CINA? RISPOSTA DELLA CHIESA. NUOVA VISUALE. IL MINISTERO DELLA CHIESA. ECUMENISMO. MINISTERO DEI LA aSocietà San Paolo EM - Piazza San Paolo, 14 - 12051 ALBA (CN) (non commercial uses only) ® Copyright 2017 aTRADUZIONE DAL TEDESCO. INDICE ANALITICO. PRIMA SECONDA E TERZA CHIESA. LIBERTÀ. MISSIONI DELLE NAZIONI LIBERE. SECONDA LIBERAZIONE. SALVEZZA DALL'ORIENTE, CINA? RISPOSTA DELLA CHIESA. NUOVA VISUALE. IL MINISTERO DELLA CHIESA. ECUMENISMO. MINISTERO DEI LA aMISSIONOLOGIA